[Event "BL 0506 SF Katernberg - SG Kirchheim"]
[Site "?"]
[Date "2005.12.11"]
[Round "6.7"]
[White "Adler, Joel Dr"]
[Black "L'Ami, Erwin"]
[Result "1/2-1/2"]
[WhiteElo "2318"]
[BlackElo "2541"]
[PlyCount "119"]
[EventDate "2005.??.??"]

1. d4 d5 2. c4 c6 3. Nf3 dxc4 4. e3 Be6 5. a4 Nf6 6. Na3 Nbd7 7. Nxc4 Bd5 8.
Bd3 e6 9. O-O c5 10. Qe2 cxd4 11. e4 Bc6 12. e5 Bxf3 13. Qxf3 Nd5 14. Rd1 Nc5
15. Bf1 Nb4 16. Bd2 Nd5 17. b4 Nd7 18. Qg3 Qb8 19. Rac1 f5 20. Be2 Kf7 21. Bf3
N5b6 22. Nxb6 Nxb6 23. a5 Nd7 24. Bf4 Be7 25. Rxd4 Rd8 26. a6 Nb6 27. Rxd8 Qxd8
28. Bxb7 Rb8 29. Qb3 Qd7 30. Be3 Nd5 31. Bc6 Qd8 32. b5 Nxe3 33. Qxe3 Qb6 34.
Qxb6 Rxb6 35. Kf1 Rb8 36. Ke2 Bd8 37. Rd1 Bb6 38. Rd7+ Kf8 39. Rd6 Rd8 40. Rxe6
Kf7 41. Rd6 Rxd6 42. exd6 Ke6 43. d7 Ke5 44. Kd3 Bd8 45. h4 g6 46. g3 Bb6 47.
Kc4 Ke6 48. f4 Kd6 49. Bd5 Kxd7 50. Bg8 h6 51. Bh7 Bf2 52. Bxg6 Kc7 53. Kd5
Bxg3 54. Ke5 Bxh4 55. Kxf5 Bg3 56. Kg4 Bf2 57. Kh5 Be3 58. f5 Kd6 59. Bf7 Ke7
60. Kg6 1/2-1/2

[Event "BL 0506 SV Mülheim Nord - OSC Baden Bad"]
[Site "?"]
[Date "2005.12.11"]
[Round "6.2"]
[White "Fridman, Daniel"]
[Black "Svidler, Peter"]
[Result "1/2-1/2"]
[WhiteElo "2564"]
[BlackElo "2740"]
[PlyCount "32"]
[EventDate "2005.??.??"]

1. d4 Nf6 2. Nf3 g6 3. c4 Bg7 4. g3 c6 5. Bg2 d5 6. cxd5 cxd5 7. Nc3 O-O 8. Ne5
e6 9. O-O Nfd7 10. f4 Nc6 11. b3 Qa5 12. Bb2 Ndxe5 13. fxe5 f6 14. exf6 Rxf6
15. Rxf6 Bxf6 16. e3 Bd7 1/2-1/2

[Event "BL 0506 SV Mülheim Nord - OSC Baden Bad"]
[Site "?"]
[Date "2005.12.11"]
[Round "6.4"]
[White "Schebler, Gerhard"]
[Black "Huebner, Robert Dr"]
[Result "1-0"]
[WhiteElo "2474"]
[BlackElo "2637"]
[PlyCount "53"]
[EventDate "2005.??.??"]

1. Nf3 Nf6 2. g3 b6 3. Bg2 Bb7 4. O-O e6 5. c4 Be7 6. d4 O-O 7. d5 exd5 8. Nh4
c6 9. cxd5 Nxd5 10. Nf5 Nc7 11. e4 d5 12. Re1 Bc5 13. b4 Qf6 14. bxc5 Qxa1 15.
Bd2 Qxa2 16. Bh6 Bc8 17. Nxg7 Qb2 18. Nh5 Be6 19. Bf4 Nd7 20. Bxc7 Rfe8 21. Re2
Qa1 22. Qd2 Kh8 23. Re1 f6 24. Nc3 Qa5 25. Nxf6 Nxf6 26. Be5 Kg8 27. Qg5+ 1-0

[Event "BL 0506 SV Mülheim Nord - OSC Baden Bad"]
[Site "?"]
[Date "2005.12.11"]
[Round "6.5"]
[White "Dautov, Rustem"]
[Black "Saltaev, Mihail"]
[Result "1/2-1/2"]
[WhiteElo "2581"]
[BlackElo "2498"]
[PlyCount "47"]
[EventDate "2005.??.??"]

1. d4 d5 2. c4 c6 3. Nf3 Nf6 4. e3 a6 5. Bd3 g6 6. O-O Bf5 7. Bxf5 gxf5 8. Qb3
Qc7 9. Bd2 e6 10. cxd5 Nxd5 11. Nc3 Nd7 12. Nxd5 cxd5 13. Rfc1 Qb6 14. Qa4 Bd6
15. Ne5 Qb5 16. Qxb5 axb5 17. Nd3 Nb6 18. Be1 Nc8 19. Rc3 Kd7 20. Rb3 Kc6 21.
Rc1+ Kb6 22. a3 Ra4 23. Nb4 Na7 24. Kf1 1/2-1/2

[Event "BL 0506 SV Mülheim Nord - OSC Baden Bad"]
[Site "?"]
[Date "2005.12.11"]
[Round "6.6"]
[White "Hausrath, Daniel"]
[Black "Schlosser, Philipp"]
[Result "0-1"]
[WhiteElo "2463"]
[BlackElo "2560"]
[PlyCount "98"]
[EventDate "2005.??.??"]

1. Nf3 Nf6 2. g3 b5 3. Bg2 Bb7 4. c3 e6 5. O-O c5 6. d4 Na6 7. Bg5 Be7 8. Nbd2
O-O 9. Bxf6 Bxf6 10. e4 d5 11. e5 Be7 12. a3 c4 13. Re1 {(=)} Nc7 14. Nf1 a5
15. Ne3 b4 16. a4 Qd7 17. h4 Bc6 18. Ng5 h6 19. Nh3 Rfb8 20. Nf4 bxc3 21. bxc3
Rb3 22. Qc1 Bxa4 23. Ng4 Ne8 24. Bxd5 exd5 25. e6 fxe6 26. Rxe6 Nc7 27. Rg6 Ra6
28. Nxh6+ Kf8 29. Ng4 Bb5 30. Rxa6 Bxa6 31. Ng6+ Kg8 32. Qf4 Bd6 33. Qg5 Bc8
34. f3 Qf5 35. Qd8+ Kh7 36. N4e5 Bxe5 37. Nxe5 Rb1+ 38. Rxb1 Qxb1+ 39. Kf2 Qc2+
40. Ke1 Qxc3+ 41. Ke2 Qb2+ 42. Ke1 Qc1+ 43. Ke2 Nb5 44. Qe8 Nxd4+ 45. Kf2 Qd2+
46. Kg1 Qe1+ 47. Kg2 Qe2+ 48. Kh1 Qf1+ 49. Kh2 Qh3+ 0-1

[Event "BL 0506 SV Mülheim Nord - OSC Baden Bad"]
[Site "?"]
[Date "2005.12.11"]
[Round "6.7"]
[White "Buhmann, Rainer"]
[Black "Wegener, Olaf"]
[Result "0-1"]
[WhiteElo "2546"]
[BlackElo "2404"]
[PlyCount "116"]
[EventDate "2005.??.??"]

1. d4 Nf6 2. Nf3 e6 3. g3 b5 4. Bg2 Bb7 5. O-O c5 6. c3 Na6 7. Bg5 Be7 8. Nbd2
O-O 9. Re1 h6 10. Bxf6 Bxf6 11. e4 d5 12. e5 Be7 13. a3 c4 14. Nf1 Nc7 15. Ne3
a5 16. Nd2 Bc8 17. h4 Ra6 18. Bf1 b4 19. a4 Rb6 20. Ng2 Bd7 21. Nf4 Re8 22. Nh5
Bf8 23. Nf3 bxc3 24. bxc3 Be7 25. Nh2 g6 26. Nf4 Bf8 27. Ng4 Bg7 28. Qc2 Qe7
29. Re3 h5 30. Nh2 Reb8 31. Qd1 Rb3 32. g4 Qxh4 33. Rg3 hxg4 34. Rxg4 Qe7 35.
Qf3 Rb1 36. Ra2 R8b2 37. Rxb2 Rxb2 38. Rg3 Bxa4 39. Ng4 Rb1 40. Nh5 Bd1 41.
Ngf6+ Kh8 42. Qg2 Bxh5 43. Nxh5 Ne8 44. Nf4 Kg8 45. Nxd5 exd5 46. Qxd5 Qe6 47.
Qxa5 Bh6 48. Qa2 Rc1 49. Qe2 Bf4 50. Rg4 g5 51. Qf3 Ng7 52. Qa8+ Kh7 53. Qh1+
Qh6 54. Qe4+ Qg6 55. Qh1+ Qh5 56. Qe4+ Kh6 57. Rg2 Rxc3 58. Qa8 Kh7 0-1

[Event "BL 0506 SK Zehlendorf - Werder Bremen"]
[Site "?"]
[Date "2005.12.11"]
[Round "6.2"]
[White "Maksimenko, Andrei"]
[Black "Hracek, Zbynek"]
[Result "1/2-1/2"]
[WhiteElo "2501"]
[BlackElo "2581"]
[PlyCount "24"]
[EventDate "2005.??.??"]

{H-H} 1. e4 c5 2. c3 d5 3. exd5 Qxd5 4. d4 Nf6 5. Nf3 Bg4 6. dxc5 Qxc5 7. Na3
Nbd7 8. h3 Bf5 9. Be3 Qc8 10. Be2 g6 11. Nd4 Bg7 12. Nc4 O-O 1/2-1/2

[Event "BL 0506 SK Zehlendorf - Werder Bremen"]
[Site "?"]
[Date "2005.12.11"]
[Round "6.3"]
[White "Pelletier, Yannick"]
[Black "Janz, Frerik"]
[Result "1/2-1/2"]
[WhiteElo "2583"]
[BlackElo "2355"]
[PlyCount "99"]
[EventDate "2005.??.??"]

{H-H Yannick Pelletier kommentiert:} 1. Nf3 c5 2. c4 b6 3. Nc3 Bb7 4. e4 Nf6 $6
5. e5 Ng8 6. d4 Bxf3 7. Qxf3 (7. gxf3 cxd4 8. Qxd4 Nc6 9. Qe4 e6 10. f4 $14 {
Pelletier-Adler, Schweiz 2000 (?)}) 7... Nc6 8. d5 $5 (8. dxc5 bxc5 9. Qe4 Qb8
$5) 8... Nxe5 9. Qe2 d6 10. f4 Nd7 11. g3 g6 12. Bh3 Ngf6 (12... Bg7 13. Bd2
Nh6 14. O-O) 13. Bd2 Bg7 14. O-O O-O 15. g4 (15. Rae1 Re8 16. g4 e6 17. dxe6
Rxe6 18. Qd3 $44) 15... h6 16. Rae1 a6 (16... Re8 17. g5 $6 (17. Kh1) 17...
hxg5 18. fxg5 Nh7 19. Rxf7 $2 Bd4+) 17. a4 (17. Qxe7 Qxe7 18. Rxe7 Rfe8 19.
Rfe1 Rxe7 20. Rxe7 Kf8 21. Re1 Ra7 $14) 17... b5 (17... Re8 18. Kh1 $44) 18.
axb5 axb5 19. cxb5 Nb6 20. Bg2 Ra7 21. g5 hxg5 22. f5 $1 Nbd7 23. fxg6 fxg6 24.
Bxg5 (24. Qxe7 Qxe7 25. Rxe7 $16) (24. Qe6+ Kh7 25. Ne4 $6 Nxe4 26. Bxe4 Bd4+
27. Kg2 Nf6 28. Bxg5 $14) 24... Ne5 25. Bh3 Kh7 26. Be6 Bh6 27. Bxh6 Kxh6 28.
Rf4 $2 (28. b4 $1 $18) 28... Ra8 29. Ref1 Kg7 30. Ne4 Qb6 31. Ng3 Nh7 32. Qg2
Qxb5 33. h4 Kh8 $138 34. h5 Rxf4 35. Rxf4 Ra1+ 36. Kh2 g5 $19 37. Rf2 Nf6 38.
Ne4 Qc4 39. Bf5 (39. Nxf6 Qh4+ 40. Bh3 exf6 $19) (39. Qxg5 Qxe4 40. Qh6+ Qh7
41. Rxf6 Qxh6 42. Rxh6+ Kg7 $19) (39. h6 Qxe4 40. Qxe4 Nxe4 41. Rf8+ Kh7 42.
Bf5+ Kxh6 43. Bxe4 Ra4 $19) 39... Neg4+ $2 (39... Qd4 $19) 40. Bxg4 Qxe4 41.
Qxe4 Nxe4 42. Rf7 Nf6 43. Be6 (43. Bf5 Rf1) 43... Nxh5 44. Rxe7 Rd1 $2 (44...
Nf6 45. Rf7 Rf1 46. Kg2 Rf4 $17) 45. Rd7 Nf4 (45... Rd2+ 46. Kh3 Nf4+ 47. Kg4
Nxd5 48. Kxg5 $11) 46. Rxd6 Nxe6 47. Rxe6 Rxd5 48. Re4 Rd2+ (48... Kg7 49. b4
Rd4 50. Rxd4 cxd4 51. b5 $11) 49. Kg3 Rxb2 50. Re5 1/2-1/2

[Event "BL 0506 SK Zehlendorf - Werder Bremen"]
[Site "?"]
[Date "2005.12.11"]
[Round "6.4"]
[White "Carmeille, Ludovic"]
[Black "Babula, Vlastimil"]
[Result "0-1"]
[WhiteElo "2329"]
[BlackElo "2593"]
[PlyCount "58"]
[EventDate "2005.??.??"]

{H-H} 1. e4 c5 2. Nf3 d6 3. d4 cxd4 4. Nxd4 Nf6 5. Nc3 e6 6. Bg5 Be7 7. Qd2 a6
8. f4 b5 9. e5 dxe5 10. fxe5 Nfd7 11. Bf4 Bb7 12. O-O-O b4 13. Nb1 Nb6 14. c4
bxc3 15. Nxc3 N8d7 16. Kb1 Nc5 17. Be2 Rb8 18. Qc2 Qc7 19. Bf3 Nc4 20. Nb3 O-O
21. Rd4 Nxb3 22. axb3 Na5 23. Rhd1 Bxf3 24. gxf3 Nxb3 25. Ra4 Rfc8 26. Ka2 Qb7
27. Qf2 Rxc3 28. bxc3 Nc1+ 29. Rxc1 Qb3+ 0-1

[Event "BL 0506 SK Zehlendorf - Werder Bremen"]
[Site "?"]
[Date "2005.12.11"]
[Round "6.5"]
[White "Fish, Gennadij"]
[Black "Klimm, Wolf-Dietrich"]
[Result "1-0"]
[WhiteElo "2550"]
[BlackElo "2287"]
[PlyCount "57"]
[EventDate "2005.??.??"]

{H-H} 1. d4 Nf6 2. c4 e6 3. Nc3 Bb4 4. e3 b6 5. Nge2 Ne4 6. Qc2 Bb7 7. a3 Bxc3+
8. Nxc3 f5 9. Nxe4 Bxe4 10. Qc3 Bb7 11. Bd2 O-O 12. O-O-O d6 13. f3 Nd7 14. Kb1
Qe7 15. Bd3 c5 16. Qc2 Rac8 17. Bc3 Qf7 18. Rhe1 e5 19. Bf1 cxd4 20. exd4 e4
21. d5 exf3 22. gxf3 b5 23. Bb4 bxc4 24. Bxd6 Rfe8 25. Rxe8+ Rxe8 26. Bxc4 Nb6
27. Bb3 Rd8 28. Bc7 Bxd5 29. Bxb6 1-0

[Event "BL 0506 SK Zehlendorf - Werder Bremen"]
[Site "?"]
[Date "2005.12.11"]
[Round "6.6"]
[White "Lieb, Harald"]
[Black "Schandorff, Lars"]
[Result "0-1"]
[WhiteElo "2236"]
[BlackElo "2517"]
[PlyCount "128"]
[EventDate "2005.??.??"]

{H-H} 1. d4 Nf6 2. g3 d5 3. Bg2 c6 4. Nf3 Bf5 5. O-O e6 6. c4 Nbd7 7. cxd5 exd5
8. Nc3 h6 9. Re1 Be7 10. Nd2 O-O 11. e4 dxe4 12. Ndxe4 Nxe4 13. Nxe4 Nb6 14.
Nc5 Bxc5 15. dxc5 Qxd1 16. Rxd1 Na4 17. b3 Nc3 18. Re1 Rfe8 19. Be3 a5 20. h3
a4 21. b4 a3 22. Kh2 Rad8 23. Rec1 Nb5 24. Bf1 Bd3 25. Bg2 Be4 26. Bf1 Bd3 27.
Bg2 g5 28. Bf3 Be4 29. Be2 Nd4 30. Bd1 Nf5 31. Rc3 Nxe3 32. Rxe3 Bd5 33. Rxe8+
Rxe8 34. Bb3 Bxb3 35. axb3 Re2 36. Rxa3 Rxf2+ 37. Kg1 Rb2 38. Ra7 Rxb3 39. Rxb7
Rxg3+ 40. Kh2 Rb3 41. Rb6 Kg7 42. Rxc6 Rxb4 43. Rd6 Rc4 44. c6 f6 45. Rd7+ Kg6
46. c7 f5 47. Kg2 Kh5 48. Rh7 Rc3 49. Kf2 g4 50. hxg4+ fxg4 51. Kg2 Kg5 52.
Rg7+ Kh4 53. Kf2 h5 54. Rh7 Rc2+ 55. Ke3 Kg3 56. Rxh5 Rxc7 57. Re5 Rf7 58. Re8
Kg2 59. Ke2 g3 60. Re6 Kh2 61. Rh6+ Kg1 62. Rg6 g2 63. Rg8 Re7+ 64. Kd2 Rh7 0-1

[Event "BL 0506 SK Zehlendorf - Werder Bremen"]
[Site "?"]
[Date "2005.12.11"]
[Round "6.7"]
[White "Knaak, Rainer"]
[Black "Brustkern, Juergen"]
[Result "1-0"]
[WhiteElo "2487"]
[BlackElo "2236"]
[PlyCount "85"]
[EventDate "2005.??.??"]

{H-H} 1. d4 d5 2. c4 Nc6 3. Nc3 dxc4 4. Nf3 e6 5. e4 a6 6. Bxc4 b5 7. Bd3 Nb4
8. Be2 c5 9. Be3 Bb7 10. O-O Nf6 11. e5 Nfd5 12. Bg5 Qb6 13. Nxd5 Nxd5 14. a4
h6 15. Bh4 Nf4 16. axb5 axb5 17. Qd2 g5 18. Bg3 Nxe2+ 19. Qxe2 Rxa1 20. Rxa1 c4
21. Rd1 Be7 22. Ne1 h5 23. f3 Rg8 24. Bf2 Bd5 25. Qd2 g4 26. f4 h4 27. Ra1 b4
28. Qc2 Kd7 29. Qh7 g3 30. hxg3 hxg3 31. Qxg8 gxf2+ 32. Kxf2 Qxd4+ 33. Kg3 Bh4+
34. Kg4 Bxe1 35. Qxf7+ Kc6 36. Qe8+ Kc7 37. Qe7+ Kc6 38. Qe8+ Kb7 39. Qd7+ Kb8
40. Qd8+ Kb7 41. Qa8+ Kc7 42. Ra7+ Qxa7 43. Qxa7+ 1-0

[Event "BL 0506 Leipzig Gohlis - Hamburger SK"]
[Site "?"]
[Date "2005.12.11"]
[Round "6.1"]
[White "Gustafsson, Jan"]
[Black "Vogt, Lothar"]
[Result "1/2-1/2"]
[WhiteElo "2615"]
[BlackElo "2484"]
[PlyCount "33"]
[EventDate "2005.??.??"]

{H-H} 1. Nf3 c5 2. c4 g6 3. e4 Nc6 4. d4 cxd4 5. Nxd4 Nf6 6. Nc3 Nxd4 7. Qxd4
d6 8. Bg5 Bg7 9. Qd2 O-O 10. Bd3 a5 11. O-O a4 12. b4 axb3 13. axb3 Rxa1 14.
Rxa1 Qb6 15. Qc2 Ng4 16. Rf1 Qc5 17. Nd5 1/2-1/2

[Event "BL 0506 Leipzig Gohlis - Hamburger SK"]
[Site "?"]
[Date "2005.12.11"]
[Round "6.2"]
[White "Voigt, Roland"]
[Black "Ftacnik, Lubomir"]
[Result "0-1"]
[WhiteElo "2384"]
[BlackElo "2612"]
[PlyCount "126"]
[EventDate "2005.??.??"]

{H-H} 1. e4 d6 2. Bc4 Nf6 3. d3 c6 4. Nf3 d5 5. exd5 cxd5 6. Bb3 g6 7. O-O Bg7
8. Bf4 Nc6 9. Nc3 O-O 10. h3 d4 11. Nb1 Nd5 12. Bg3 b6 13. Nbd2 Bb7 14. Nc4 Nc7
15. Re1 b5 16. Nce5 Na5 17. Bxf7+ Rxf7 18. Nxf7 Kxf7 19. Ng5+ Kg8 20. Qg4 h5
21. Bxc7 hxg4 22. Bxd8 Rxd8 23. Ne6 Rd7 24. Nxg7 Kxg7 25. hxg4 Nc6 26. a3 e5
27. Re2 g5 28. f3 Kf6 29. Kf2 Nd8 30. Rh1 Nf7 31. Ree1 Bd5 32. Ke2 Be6 33. Kd2
Kg6 34. Ra1 Rd6 35. a4 b4 36. a5 Bd7 37. b3 {(=)} a6 38. Rae1 Rd5 39. Ra1 Rc5
40. Rh2 Be8 41. Rh3 Kg7 42. Rh5 Nd8 43. Rh2 Ne6 44. Rah1 Bg6 45. Rh8 Nf8 46.
R8h2 Rxa5 47. Kc1 Rc5 48. Kd2 a5 49. Ra1 Ne6 50. Re1 Nc7 51. g3 Nb5 52. Rhe2
Na3 53. Rxe5 Rxc2+ 54. Kd1 Rc3 55. f4 Rxd3+ 56. Kc1 Rxb3 57. Re7+ Bf7 58. R1e4
Rc3+ 59. Kd1 b3 60. Rb7 Rd3+ 61. Kc1 Nc4 62. Re1 b2+ 63. Kb1 Rd2 0-1

[Event "BL 0506 Leipzig Gohlis - Hamburger SK"]
[Site "?"]
[Date "2005.12.11"]
[Round "6.3"]
[White "Hansen, Sune Berg"]
[Black "Roos, Michael"]
[Result "1/2-1/2"]
[WhiteElo "2555"]
[BlackElo "2371"]
[PlyCount "133"]
[EventDate "2005.??.??"]

{H-H} 1. e4 c6 2. d4 d5 3. exd5 cxd5 4. c4 Nf6 5. Nc3 g6 6. Qb3 Bg7 7. cxd5 O-O
8. Be2 Na6 9. Bf4 Qb6 10. Qxb6 axb6 11. d6 exd6 12. Nf3 Rd8 13. O-O Nc7 14. Bg3
Nh5 15. Bh4 Re8 16. Bb5 Nxb5 17. Nxb5 Re2 18. Rfe1 Rxe1+ 19. Rxe1 Bd7 20. Nc3
Bc6 21. Rd1 h6 22. d5 Bd7 23. Be7 Bxc3 24. bxc3 Rxa2 25. Bxd6 Ba4 26. Re1 Bb3
27. Re8+ Kh7 28. h3 Bxd5 29. Ne5 Nf6 30. Re7 Kg8 31. f3 Ra8 32. c4 Be6 33. Rxb7
Rc8 34. Be7 Kg7 35. Rxb6 Ng8 36. Ba3 Bxc4 37. Bb2 Be6 38. Bd4 Re8 39. Rb7 Kh7
40. Nxf7 Re7 41. Nd6 Rxb7 42. Nxb7 g5 43. Kf2 Ne7 44. Nc5 Bf5 45. Be5 Nd5 46.
Ke2 Kg6 47. Kd2 Bb1 48. Ke2 Kf5 49. Bd6 Kg6 50. Kf2 Kf5 51. Bf8 Kg6 52. Nd7 h5
53. Ba3 h4 54. Bc1 Kf5 55. Nc5 Nc7 56. Bd2 Ba2 57. Ne4 Ne6 58. Bc3 Kg6 59. Nd6
Bb1 60. Nc4 Bc2 61. Ne3 Bb1 62. Be5 Bd3 63. Bb8 Ba6 64. Ke1 Bb5 65. Kd2 Ba6 66.
Kc3 Ng7 67. Kd4 1/2-1/2

[Event "BL 0506 Leipzig Gohlis - Hamburger SK"]
[Site "?"]
[Date "2005.12.11"]
[Round "6.4"]
[White "Zesch, Ludwig"]
[Black "Reeh, Oliver"]
[Result "0-1"]
[WhiteElo "2292"]
[BlackElo "2449"]
[PlyCount "62"]
[EventDate "2005.??.??"]

{H-H} 1. e4 c5 2. Nf3 d6 3. d4 cxd4 4. Nxd4 Nf6 5. Nc3 Nc6 6. g3 e5 7. Nde2 Be7
8. Bg2 O-O 9. O-O a6 10. Be3 b5 11. a4 b4 12. Nd5 Nxd5 13. Qxd5 Qc7 14. f4 a5
15. Rf2 Ba6 16. f5 Rac8 17. Qd2 Nb8 18. Rc1 Nd7 19. g4 Nc5 20. b3 Bb7 21. Ng3
Bh4 22. f6 Bxg3 23. Bxc5 Bf4 24. Rxf4 exf4 25. Bd4 g5 26. h4 Rfe8 27. hxg5 Bxe4
28. Qxf4 d5 29. Qf2 Bxg2 30. Kxg2 Re4 31. Qh4 Qf4 0-1

[Event "BL 0506 Leipzig Gohlis - Hamburger SK"]
[Site "?"]
[Date "2005.12.11"]
[Round "6.6"]
[White "Rausch, Stephan"]
[Black "Van Delft, Merijn"]
[Result "1/2-1/2"]
[WhiteElo "2343"]
[BlackElo "2385"]
[PlyCount "26"]
[EventDate "2005.??.??"]

{H-H} 1. d4 d5 2. Nf3 Nf6 3. Bg5 c5 4. e3 Nc6 5. c3 Qb6 6. Qc1 Ne4 7. Bf4 Bf5
8. Nbd2 h6 9. Ne5 $6 (9. Be2 e6 10. Nxe4 Bxe4 11. O-O Rc8 12. Qd2 Be7 13. Ne5 {
1/2-1/2 Tyomkin,D-Stefanova,A/Salou 2000/CBM 080}) 9... Nxd2 $6 (9... g5 $1)
10. Qxd2 e6 11. Be2 Be7 12. O-O Nxe5 13. Bxe5 O-O 1/2-1/2

[Event "BL 0506 Leipzig Gohlis - Hamburger SK"]
[Site "?"]
[Date "2005.12.11"]
[Round "6.7"]
[White "Michaelsen, Nils"]
[Black "Schunk, Thomas"]
[Result "1/2-1/2"]
[WhiteElo "2420"]
[BlackElo "2315"]
[PlyCount "129"]
[EventDate "2005.??.??"]

{H-H} 1. d4 e6 2. c4 f5 3. g3 Nf6 4. Bg2 c6 5. Nh3 d6 6. O-O Be7 7. b3 O-O 8.
Bb2 Qc7 9. Nc3 e5 10. Qd2 h6 11. f4 e4 12. d5 c5 13. Nf2 h5 14. h3 Rf7 15. g4
fxg4 16. hxg4 Nxg4 17. Ncxe4 Bh4 18. Nh3 Qe7 19. Neg5 Rf6 20. e4 Rh6 21. e5 Bf5
22. e6 Na6 23. Qe2 Rf8 24. Be4 Rg6 25. Bxf5 Rxf5 26. Qe4 Nh6 27. Kh1 Nc7 28.
Rg1 Rff6 29. Nf3 Bg3 30. Bxf6 Qxf6 31. e7 Ne8 32. Qe6+ Qxe6 33. dxe6 Nf5 34.
Nfg5 h4 35. Rad1 Nxe7 36. Ne4 Nf5 37. Rd5 Ne3 38. Rd3 Nf5 39. Rd5 Ne3 40. f5
Rg4 41. f6 gxf6 42. Nhf2 Bxf2 43. Rxg4+ Nxg4 44. Nxd6 Kf8 45. Nf5 Ne3 46. Rxc5
Nxf5 47. Rxf5 Bg3 48. Rh5 Nc7 49. Rh7 Kg8 50. Rd7 Nxe6 51. Rxb7 h3 52. Rxa7 Nf4
53. Rd7 h2 54. c5 Nh3 55. Rd2 Nf2+ 56. Rxf2 Bxf2 57. c6 Bg3 58. a4 Bc7 59. b4
Kf7 60. a5 Ke6 61. a6 Bb6 62. Kxh2 Kd6 63. b5 Kc7 64. Kh3 Bd4 65. Kg4 1/2-1/2

[Event "BL 0506 Leipzig Gohlis - Hamburger SK"]
[Site "?"]
[Date "2005.12.11"]
[Round "6.8"]
[White "Ohme, Melanie"]
[Black "Sebastian, Dirk"]
[Result "0-1"]
[WhiteElo "2064"]
[BlackElo "2362"]
[PlyCount "110"]
[EventDate "2005.??.??"]

{H-H} 1. e4 e5 2. Bc4 Nf6 3. d3 Nc6 4. Nf3 Bc5 5. O-O d6 6. c3 a6 7. Bb3 Ba7 8.
Nbd2 O-O 9. h3 Ne7 10. Re1 Ng6 11. Nf1 h6 12. Ng3 Nh7 13. Be3 Ng5 14. d4 Qf6
15. Nh2 Nf4 16. Ng4 Qg6 17. Nf5 Re8 18. Bxf4 exf4 19. Nh4 Bxg4 20. Qxg4 Qf6 21.
Bc2 c5 22. Qf5 Qxf5 23. Nxf5 Rad8 24. Rad1 cxd4 25. cxd4 h5 26. Kf1 g6 27. Nh4
Rc8 28. Re2 Kg7 29. Nf3 Ne6 30. Bb3 Rc7 31. Rc2 Rxc2 32. Bxc2 Rc8 33. Bb3 b5
34. Ke2 a5 35. Rd2 a4 36. Bd1 Rc1 37. Kd3 g5 38. Ng1 Ra1 39. a3 Bxd4 40. Nf3
Bf6 41. e5 dxe5 42. Ke4 Rb1 43. Nxe5 Nc5+ 44. Kf5 Bxe5 45. Kxe5 Rxb2 46. Rxb2
Nd3+ 47. Kd4 Nxb2 48. Bf3 Nc4 49. Kc3 Nxa3 50. Bc6 Kf6 51. Kb4 Nc2+ 52. Kc3 Ne1
53. Kd2 a3 54. Kc3 b4+ 55. Kb3 Ke5 0-1

[Event "BL 0506 SC Kreuzberg - SG Köln Porz"]
[Site "?"]
[Date "2005.12.11"]
[Round "6.1"]
[White "Lutz, Christopher"]
[Black "Nisipeanu, Liviu-Dieter"]
[Result "1/2-1/2"]
[WhiteElo "2609"]
[BlackElo "2707"]
[PlyCount "145"]
[EventDate "2005.??.??"]

1. e4 c5 2. Nf3 e6 3. d4 cxd4 4. Nxd4 Nc6 5. Nc3 Qc7 6. Be3 Nf6 7. Ndb5 Qb8 8.
f4 d6 9. Qf3 Be7 10. Bd3 a6 11. Nd4 O-O 12. O-O Nxd4 13. Bxd4 e5 14. Bb6 exf4
15. Qxf4 Be6 16. Nd5 Bd8 17. Bxd8 Qxd8 18. Nxf6+ Qxf6 19. Qxf6 gxf6 20. Rxf6
Rfc8 21. Kf2 Rc5 22. Rf3 Kf8 23. Ke3 Rh5 24. Rh1 Ke7 25. Rg3 Rc8 26. a3 a5 27.
h3 h6 28. Rf1 b5 29. c3 Re5 30. Kd2 Rb8 31. Ra1 Bc4 32. b4 Bxd3 33. Kxd3 Ra8
34. Rf1 axb4 35. axb4 d5 36. Re3 Rd8 37. exd5 Rdxd5+ 38. Ke2 Rxe3+ 39. Kxe3 Ke6
40. Rf4 h5 41. Re4+ Kf6 42. Rd4 Rg5 43. Kf3 Ke6 44. Rd8 h4 45. Rc8 Rf5+ 46. Ke3
Re5+ 47. Kf2 Rf5+ 48. Kg1 Rd5 49. Rc6+ Ke5 50. Rc5 Ke4 51. Rxd5 Kxd5 52. Kf2
Ke4 53. Ke2 Ke5 54. Ke3 Kd5 55. Kf3 f6 56. Kf4 f5 57. Ke3 Ke5 58. Kd3 Kf4 59.
c4 bxc4+ 60. Kxc4 Kg3 61. b5 Kxg2 62. b6 f4 63. b7 f3 64. b8=Q f2 65. Qb7+ Kg1
66. Qg7+ Kh2 67. Qf6 Kg2 68. Qg5+ Kxh3 69. Qf4 Kg2 70. Qg4+ Kh2 71. Qxh4+ Kg1
72. Qg3+ Kh1 73. Qxf2 1/2-1/2

[Event "BL 0506 SC Kreuzberg - SG Köln Porz"]
[Site "?"]
[Date "2005.12.11"]
[Round "6.3"]
[White "Vaganian, Rafael A"]
[Black "Socko, Bartosz"]
[Result "1/2-1/2"]
[WhiteElo "2614"]
[BlackElo "2610"]
[PlyCount "64"]
[EventDate "2005.??.??"]

1. d4 Nf6 2. c4 g6 3. g3 Bg7 4. Bg2 O-O 5. Nc3 d6 6. Nf3 Nc6 7. O-O a6 8. d5
Na5 9. Nd2 c5 10. Rb1 Rb8 11. b3 b5 12. Bb2 Bd7 13. Ba1 Qc7 14. Qc2 bxc4 15.
bxc4 Rb4 16. a3 Rxb1 17. Rxb1 Rb8 18. Nce4 Nxe4 19. Bxe4 Rxb1+ 20. Qxb1 Qb7 21.
Bxg7 Qxb1+ 22. Bxb1 Kxg7 23. Bc2 e6 24. e4 e5 25. f4 f6 26. Kg2 g5 27. Bd1 Kg6
28. f5+ Kg7 29. h4 gxh4 30. gxh4 Be8 31. Kg3 Kh6 32. Kh3 Bd7 1/2-1/2

[Event "BL 0506 SC Kreuzberg - SG Köln Porz"]
[Site "?"]
[Date "2005.12.11"]
[Round "6.4"]
[White "Romanishin, Oleg M"]
[Black "Timman, Jan H"]
[Result "1/2-1/2"]
[WhiteElo "2547"]
[BlackElo "2630"]
[PlyCount "57"]
[EventDate "2005.??.??"]

1. d4 Nf6 2. Nf3 e6 3. g3 c5 4. Bg2 cxd4 5. Nxd4 d5 6. O-O e5 7. Nb3 Be7 8. Bg5
Nbd7 9. e4 dxe4 10. Nc3 O-O 11. Qe2 Re8 12. Rad1 Qc7 13. Bxe4 a6 14. Bxf6 Nxf6
15. Nd5 Nxd5 16. Bxd5 Rb8 17. Rfe1 Bf8 18. c3 b5 19. Nd2 Bb7 20. Bxb7 Qxb7 21.
Ne4 Qc6 22. Qf3 b4 23. cxb4 Rxb4 24. b3 Rd4 25. Rc1 Qd7 26. Nc5 Qb5 27. Ne4 Qd7
28. Nc5 Qb5 29. Ne4 1/2-1/2

[Event "BL 0506 SC Kreuzberg - SG Köln Porz"]
[Site "?"]
[Date "2005.12.11"]
[Round "6.5"]
[White "Graf, Alexander"]
[Black "Maiwald, Jens-Uwe"]
[Result "1-0"]
[WhiteElo "2613"]
[BlackElo "2502"]
[PlyCount "79"]
[EventDate "2005.??.??"]

{H-H} 1. d4 g6 2. e4 Bg7 3. Nc3 c6 4. f4 d5 5. e5 Nh6 6. Nf3 Qb6 7. h3 Nf5 8.
Rg1 Ng3 9. Bd3 f5 10. Ne2 Nxe2 11. Qxe2 Na6 12. Bxa6 bxa6 13. b3 O-O 14. Qd2
Bh6 15. a4 c5 16. dxc5 Qxc5 17. Ba3 Qb6 18. a5 Qc7 19. Nd4 Bd7 20. O-O-O Rf7
21. Rdf1 e6 22. g4 Kh8 23. g5 Bf8 24. Bxf8 Raxf8 25. h4 Re7 26. Qb4 Qd8 27. h5
gxh5 28. Rh1 Rg8 29. Rxh5 Rgg7 30. Rh6 Kg8 31. Kb2 Re8 32. Rf3 Bc8 33. Rfh3 Rb7
34. Qd2 Rg7 35. Qh2 Qe7 36. g6 hxg6 37. Rxg6 Rxg6 38. Rh8+ Kf7 39. Qh7+ Rg7 40.
Qh5+ 1-0

[Event "BL 0506 SC Kreuzberg - SG Köln Porz"]
[Site "?"]
[Date "2005.12.11"]
[Round "6.6"]
[White "Kalinitschew, Sergey"]
[Black "Van den Doel, Erik"]
[Result "0-1"]
[WhiteElo "2491"]
[BlackElo "2582"]
[PlyCount "64"]
[EventDate "2005.??.??"]

{H-H} 1. d4 Nf6 2. c4 e6 3. Nc3 Bb4 4. Qc2 Nc6 5. Nf3 d6 6. Bg5 h6 7. Bd2 e5 8.
d5 Bxc3 9. Bxc3 Ne7 10. e4 O-O 11. Nh4 Ne8 12. g3 f5 13. f3 fxe4 14. fxe4 Nf6
15. h3 Nh5 16. Qh2 c6 17. Be2 Nf6 18. Bd3 Qb6 19. Qe2 Nh7 20. Nf3 cxd5 21. cxd5
Bd7 22. O-O-O Rac8 23. Rdf1 a6 24. Rh2 Rf7 25. Nd2 Rxf1+ 26. Nxf1 Bb5 27. Ne3
Nf6 28. Nd1 Bxd3 29. Qxd3 Qd4 30. Rd2 Qxe4 31. Ne3 b5 32. a3 Qf3 {Rest
unleserlich 0-1 im 58. Zug} 0-1

[Event "BL 0506 SF Berlin - Godesberger SK"]
[Site "?"]
[Date "2005.12.11"]
[Round "6.2"]
[White "Brynell, Stellan"]
[Black "Jenni, Florian"]
[Result "1/2-1/2"]
[WhiteElo "2496"]
[BlackElo "2502"]
[PlyCount "93"]
[EventDate "2005.??.??"]

1. d4 Nf6 2. c4 e6 3. Nf3 b6 4. g3 Ba6 5. b3 Bb4+ 6. Bd2 Be7 7. Bg2 c6 8. Bc3
d5 9. Nbd2 Nbd7 10. O-O O-O 11. Re1 c5 12. e4 dxe4 13. Nxe4 Bb7 14. Nfg5 Nxe4
15. Bxe4 Bxg5 16. Bxb7 Rb8 17. Bg2 Bf6 18. Qd2 cxd4 19. Bxd4 Nc5 20. Rad1 a5
21. Qf4 Qe7 22. Bxf6 Qxf6 23. Qxf6 gxf6 24. Rd4 f5 25. Red1 Kg7 26. Kf1 Kf6 27.
Ke2 h6 28. Ke3 Rg8 29. Bf3 Ke5 30. Bh5 Kf6 31. Rd6 Rgc8 32. Bf3 Ke7 33. R6d4
Kf6 34. Rh4 Kg7 35. Rd6 Rd8 36. Rhd4 Rdc8 37. Rh4 Rd8 38. Rhd4 Rdc8 39. Kd2 Kf6
40. Rh4 Ke5 41. Rdd4 Rh8 42. Ke3 Kf6 43. Rd6 Kg7 44. h3 Rhc8 45. Rd1 Rh8 46.
Rhd4 Rhc8 47. Rh4 1/2-1/2